| 000 | 00437nam a22001697a 4500 | ||
|---|---|---|---|
| 003 | OSt | ||
| 005 | 20140311130134.0 | ||
| 008 | 130213t xxu||||| |||| 00| 0 eng d | ||
| 020 | _a0743200330 | ||
| 050 |
_aPS 615 _b.D743 2000 |
||
| 082 |
_aM 810.8 _bB45 2000 |
||
| 245 |
_aThe Best American Poetry 2000 _cDove, Rita |
||
| 260 |
_aBoston _bHoughton Mifflin _cc2000 |
||
| 300 |
_a374 p. _c26 cm. |
||
| 942 |
_2lcc _cBK _kM |
||
| 999 |
_c35451 _d35451 |
||